000 00295nam a2200133Ia 4500
005 20251222155130.0
008 251222s9999||||xx |||||||||||||| ||spa||
082 _aMEQ. 95
100 _aTARANTA, Angelo.
245 0 _aLa Fiebre Reumatica
250 _a1ra. ed.
264 _bMTP
942 _cLIB
999 _c38775
_d38775